000 00473nam a22001817a 4500
005 20240805093907.0
008 240805b |||||||| |||| 00| 0 eng d
020 _a9781285427102
082 _a005.756
_bPRA-C
100 _aPratt, Phil
245 _aConcepts of Database Management /
_cMary Last
260 _ausa:
_bpearson;
_c2015.
300 _axiv, 415 p. :
_bill;
_c27 cm.
500 _ainclude index.
650 _aDatabase
700 _aMary Last
999 _c36277
_d36277